[HÔTELLERIE, RESTAURATION] Présenter une profession : boulangère
Guardado en:
| Autor principal: | |
|---|---|
| Formato: | Libro |
| Lenguaje: | francés |
| Publicado: |
Issy-les-Moulineaux
RFI Savoirs
2024
|
| Edición: | 1ère édition |
| Materias: | |
| Etiquetas: |
Sin Etiquetas, Sea el primero en etiquetar este registro!
|
MARC
| LEADER | 00000nlm a2200000 4500 | ||
|---|---|---|---|
| 001 | 0305816 | ||
| 005 | 20250103082510.5 | ||
| 041 | 0 | |a fre | |
| 044 | |a FR | ||
| 245 | 1 | 0 | |a [HÔTELLERIE, RESTAURATION] Présenter une profession : boulangère |c Florence Agnés Marguerite Gajdošová |
| 250 | |a 1ère édition | ||
| 264 | 1 | |a Issy-les-Moulineaux |b RFI Savoirs |c 2024 | |
| 300 | |a [5 s.] |e zvuková nahrávka | ||
| 610 | 2 | 0 | |a francúzština |
| 610 | 2 | 0 | |a jazykoveda |
| 610 | 2 | 0 | |a jazyk odborný |
| 610 | 2 | 0 | |a jazyky cudzie |
| 610 | 2 | 0 | |a zásoba slovná |
| 610 | 2 | 0 | |a gramatika |
| 610 | 2 | 0 | |a terminológia |
| 100 | 1 | |a Gajdošová, Florence Agnés Marguerite, 1977- | |